000 00836 a2200217 4500
020 _a0125434308
020 _a9780125434300
082 0 4 _a515.26
090 _c543
_d543
100 _aPachpatte, B. G.
245 1 0 _aInequalities for differential and integral equations.
_nVolume 197 /
_cB. G. Pachpatte, William F. Ames.
260 _a[S.l.] :
_bAcademic Press,
_c1998.
300 _a611 p. ;
_c24 cm.
490 1 _aMathematics in science and engineering.
700 1 _aPachpatte, B. G.
700 1 _aAmes, William F.
830 0 _aMathematics in science and engineering.
856 4 0 _3Amazon.com
_uhttp://www.amazon.com/exec/obidos/ASIN/0125434308/chopaconline-20
942 _aSNS
_cBK
_k515.26 PAC
999 _c29173
_d29173